000 00493nam a22001817a 4500
003 NUST - PNEC
005 20170116180810.0
008 150427b xxu||||| |||| 00| 0 eng d
020 _a-
040 _cLIBRARY
082 _a297 SIR
100 _93254
_aSirhindi, Mohammad Hasan Jan
245 _aTareequn nijat
_cKhawaja Mohammad Hasan Jan Sirhindi
260 _aTando Mohammad Khan:
_bJamia Mujadadia;
300 _a276 p. :
_c22 cm.
650 _93256
_aIslam
_xGeneral
942 _2ddc
_cBK
999 _c63327
_d63327